Cargando...

Brihadharnykopanishad/

Detalles Bibliográficos
Outros autores: Sivasankaran Nair T(tr.)
Formato: Printed Book
Publicado: Kozhikode: Mathrubhumi, 2015.
Subjects:
LEADER 00611nam a22001697a 4500
020 |a 9788182663510 
082 |a M 294.592 18  |b SIV/B 
245 |a Brihadharnykopanishad/  |c translated by Sivasankaran Nair T. 
260 |a Kozhikode:  |b Mathrubhumi,  |c 2015. 
300 |a 270p. 
650 |a Upanishad  |9 27632 
650 |a Hinduism  |9 27633 
650 |a Religion   |9 27634 
700 |a Sivasankaran Nair T(tr.)  |9 27635 
942 |c BK 
999 |c 69176  |d 69176 
952 |0 0  |1 0  |4 0  |6 M_294_592000000000000_18_SIV_B  |7 0  |9 89667  |a SSUS  |b SSUS  |c STACKS  |d 2017-12-15  |g 210.00  |l 6  |m 1  |o M 294.592 18 SIV/B  |p 086819  |r 2019-05-10  |s 2019-05-07  |w 2017-12-15  |y BK